<?xml version="1.0" encoding="UTF-8"?>
<record
    xmlns:xsi="http://www.w3.org/2001/XMLSchema-instance"
    xsi:schemaLocation="http://www.loc.gov/MARC21/slim http://www.loc.gov/standards/marcxml/schema/MARC21slim.xsd"
    xmlns="http://www.loc.gov/MARC21/slim">

  <leader>01795nam a22003857a 4500</leader>
  <controlfield tag="001">10608802</controlfield>
  <controlfield tag="005">20090120153315.0</controlfield>
  <controlfield tag="008">870328u1879uuuuii mr p       0   a0eng  </controlfield>
  <datafield tag="022" ind1=" " ind2=" ">
    <subfield code="a">0972-1851</subfield>
  </datafield>
  <datafield tag="040" ind1=" " ind2=" ">
    <subfield code="a">DLC</subfield>
    <subfield code="c">MnMULS</subfield>
    <subfield code="d">NIC</subfield>
    <subfield code="d">CtY</subfield>
    <subfield code="d">OCoLC</subfield>
    <subfield code="d">MBTI</subfield>
    <subfield code="d">OCoLC</subfield>
    <subfield code="d">NNC</subfield>
    <subfield code="d">DLC</subfield>
    <subfield code="d">OCoLC</subfield>
  </datafield>
  <datafield tag="042" ind1=" " ind2=" ">
    <subfield code="a">lc</subfield>
  </datafield>
  <datafield tag="050" ind1=" " ind2=" ">
    <subfield code="a">BP500</subfield>
    <subfield code="b">.T6</subfield>
  </datafield>
  <datafield tag="222" ind1=" " ind2=" ">
    <subfield code="a">The Theosophist</subfield>
  </datafield>
  <datafield tag="245" ind1=" " ind2=" ">
    <subfield code="a">The theosophist.</subfield>
  </datafield>
  <datafield tag="260" ind1=" " ind2=" ">
    <subfield code="a">Adyar, Madras, India :</subfield>
    <subfield code="b">Theosophical Publishing House</subfield>
  </datafield>
  <datafield tag="300" ind1=" " ind2=" ">
    <subfield code="a">v. :</subfield>
    <subfield code="b">ill. ;</subfield>
    <subfield code="c">24 cm.</subfield>
  </datafield>
  <datafield tag="310" ind1=" " ind2=" ">
    <subfield code="a">Monthly</subfield>
  </datafield>
  <datafield tag="362" ind1=" " ind2=" ">
    <subfield code="a">Began in Oct. 1879.</subfield>
  </datafield>
  <datafield tag="500" ind1=" " ind2=" ">
    <subfield code="a">Published in: Hollywood, Calif., 1930; Adyar, Madras, India, 1931-&lt;1979&gt;</subfield>
  </datafield>
  <datafield tag="500" ind1=" " ind2=" ">
    <subfield code="a">Vol. 7- have reports of the Society's conventions, sometimes issued separately.</subfield>
  </datafield>
  <datafield tag="500" ind1=" " ind2=" ">
    <subfield code="a">Description based on: Vol. 58, no. 7 (Apr. 1937); title from cover.</subfield>
  </datafield>
  <datafield tag="500" ind1=" " ind2=" ">
    <subfield code="a">Latest issue consulted: Vol. 101, no. 3 (Dec. 1979).</subfield>
  </datafield>
  <datafield tag="550" ind1=" " ind2=" ">
    <subfield code="a">Issued by: Theosophical Society.</subfield>
  </datafield>
  <datafield tag="590" ind1=" " ind2=" ">
    <subfield code="a">Holdings in 3x5 and visible files. Beginning with v.3, Oct. 1881, the Theosophist includes a monthly supplement, separately paged. During 1884 this supplements forms a separate publication, entitled:  Journal of the Theosophical society.  Beginning with V</subfield>
  </datafield>
  <datafield tag="650" ind1=" " ind2=" ">
    <subfield code="a">Theosophy</subfield>
    <subfield code="v">Periodicals.</subfield>
  </datafield>
  <datafield tag="710" ind1=" " ind2=" ">
    <subfield code="a">Theosophical Society (Madras, India)</subfield>
  </datafield>
  <datafield tag="780" ind1=" " ind2=" ">
    <subfield code="t">Lucifer (Point Loma, San Diego, Calif.)</subfield>
    <subfield code="g">1931</subfield>
  </datafield>
  <datafield tag="785" ind1=" " ind2=" ">
    <subfield code="t">Journal of the Theosophical Society</subfield>
  </datafield>
  <datafield tag="270" ind1=" " ind2=" ">
    <subfield code="a">Adyar,</subfield>
    <subfield code="b">Chennai</subfield>
    <subfield code="e">600020</subfield>
    <subfield code="k">44-2491-1338</subfield>
    <subfield code="l">2490-1399</subfield>
    <subfield code="m">tphindia@gmail.com</subfield>
  </datafield>
  <datafield tag="906" ind1=" " ind2=" ">
    <subfield code="a">7</subfield>
    <subfield code="b">cbc</subfield>
    <subfield code="c">serials</subfield>
    <subfield code="d">3</subfield>
    <subfield code="e">ncip</subfield>
    <subfield code="f">19</subfield>
    <subfield code="g">n-oclcserc</subfield>
  </datafield>
  <datafield tag="942" ind1=" " ind2=" ">
    <subfield code="2">ddc</subfield>
    <subfield code="c">SR</subfield>
    <subfield code="h">181.499</subfield>
    <subfield code="m">THE</subfield>
    <subfield code="s">1</subfield>
  </datafield>
  <datafield tag="999" ind1=" " ind2=" ">
    <subfield code="c">21750</subfield>
    <subfield code="d">21750</subfield>
  </datafield>
  <datafield tag="952" ind1=" " ind2=" ">
    <subfield code="0">0</subfield>
    <subfield code="1">0</subfield>
    <subfield code="2">ddc</subfield>
    <subfield code="4">0</subfield>
    <subfield code="7">1</subfield>
    <subfield code="8">NFIC</subfield>
    <subfield code="a">DBAD</subfield>
    <subfield code="b">DBAD</subfield>
    <subfield code="d">2009-01-20</subfield>
    <subfield code="l">0</subfield>
    <subfield code="o">181.499 THE</subfield>
    <subfield code="r">2009-01-20 00:00:00</subfield>
    <subfield code="w">2009-01-20</subfield>
    <subfield code="y">SR</subfield>
  </datafield>
</record>
